| 000 | 00635cam a2200229 4500 | ||
|---|---|---|---|
| 008 | 090401t1987 xxu||||| |||| 00| 0 eng d | ||
| 020 | _a042047420X | ||
| 035 | _a(Sirsi) u14679 | ||
| 041 | _aeng | ||
| 050 | _a336.21 | ||
| 100 | _aBean, Philip Rimmington | ||
| 245 | _aBean and Lockwood`s rating valuation practice | ||
| 250 | _a7th ed. | ||
| 260 |
_aLondon _bSweet and Maxwell _c1987 |
||
| 300 | _axxxiv, 483p. ; 25cm. | ||
| 350 | _a58 | ||
| 520 | _aThis edition by Bassett,John C. ; Mackmin,David H. Thomas, William . | ||
| 650 | _aRATES AND RATING | ||
| 700 | _aLockwood, Arthur | ||
| 942 | _n0 | ||
| 948 | _c04/03/1997 | ||
| 999 |
_c87202 _d87202 |
||